[Event "CHI-ch (Women)"]
[Site "Las Condes"]
[Date "2019.02.14"]
[Round "4"]
[White "Arbunic Castro, Giovanna B"]
[Black "Melipichun Torres, Katerine"]
[Result "1/2-1/2"]
[WhiteElo "1995"]
[BlackElo "1640"]
[PlyCount "61"]
[EventDate "2019.02.12"]
[EventType "swiss"]
[EventRounds "9"]
[EventCountry "CHI"]
[SourceTitle "CBM 188 Extra"]
[Source "ChessBase"]
[SourceDate "2019.02.26"]
[SourceVersion "1"]
[SourceVersionDate "2019.02.26"]
[SourceQuality "1"]

1. Nf3 e6 2. c4 d5 3. d4 Nf6 4. Bg5 Nbd7 5. Nc3 c6 6. e3 Be7 7. Qc2 Qc7 8. 0-0-0 dxc4 9. e4 b5 10. e5 Nd5 11. Ne4 f6 12. exf6 gxf6 13. Bd2 Bb7 14. g3 Nb4 15. Bxb4 Bxb4 16. Bh3 0-0-0 17. Bxe6 Kb8 18. a3 Be7 19. Rhe1 c5 20. dxc5 Bxe4 21. Rxe4 Nxc5 22. Re2 Rxd1+ 23. Qxd1 Rd8 24. Qc2 Nd3+ 25. Kb1 Qc6 26. Bxc4 bxc4 27. Rxe7 Qxf3 28. Qxc4 Qd1+ 29. Ka2 Nc1+ 30. Ka1 Nb3+ 31. Ka2 1/2-1/2

[Event "South America-ch U18 Girls 13th"]
[Site "Santiago de Chile"]
[Date "2016.12.03"]
[Round "4"]
[White "Melipichun Torres, Katerine"]
[Black "Caurapan Montero, Anais Angelica"]
[Result "1-0"]
[WhiteElo "1588"]
[BlackElo "1462"]
[PlyCount "50"]
[EventDate "2016.12.01"]
[EventType "swiss"]
[EventRounds "9"]
[EventCountry "CHI"]
[SourceTitle "EXT 2018"]
[Source "ChessBase"]
[SourceDate "2017.10.13"]
[SourceVersion "1"]
[SourceVersionDate "2017.10.13"]
[SourceQuality "1"]

1. d4 e6 2. c4 Nf6 3. Nc3 Bb4 4. Bd2 Qe7 5. Nf3 Nc6 6. e3 0-0 7. Bd3 h6 8. 0-0 Bxc3 9. Bxc3 d5 10. a3 dxc4 11. Bxc4 Ne4 12. Qc2 Nxc3 13. Qxc3 a6 14. Rac1 Bd7 15. Bd3 Rac8 16. Rfd1 Na7 17. Bb1 Bc6 18. Qd3 f5 19. Ne5 Be4 20. Qb3 Bd5 21. Qc2 Qg5 22. f4 Qh5 23. Rf1 Nc6 24. Qf2 Rf6 25. Nf3 Rg6 1-0

[Event "South America-ch U18 Girls 13th"]
[Site "Santiago de Chile"]
[Date "2016.12.02"]
[Round "3"]
[White "Poblete Moena, Evelyn"]
[Black "Melipichun Torres, Katerine"]
[Result "1-0"]
[WhiteElo "1305"]
[BlackElo "1588"]
[PlyCount "49"]
[EventDate "2016.12.01"]
[EventType "swiss"]
[EventRounds "9"]
[EventCountry "CHI"]
[SourceTitle "EXT 2018"]
[Source "ChessBase"]
[SourceDate "2017.10.13"]
[SourceVersion "1"]
[SourceVersionDate "2017.10.13"]
[SourceQuality "1"]

1. d4 d5 2. Nf3 e6 3. Bf4 Nf6 4. e3 c6 5. Bd3 Bd6 6. Ne5 Qc7 7. Nd2 Nbd7 8. Nxd7 Nxd7 9. Bg3 e5 10. c3 0-0 11. Qc2 e4 12. Be2 f5 13. Bxd6 Qxd6 14. f4 exf3 15. Nxf3 Qe6 16. Qd3 Re8 17. 0-0 f4 18. Rfe1 fxe3 19. Qc2 g6 20. Bd3 Nf6 21. Ng5 Qe7 22. Bxg6 e2 23. Rxe2 Qxe2 24. Bxh7+ Kh8 25. Qg6 1-0

[Event "South America-ch U16 Girls 11th"]
[Site "Montevideo"]
[Date "2014.09.08"]
[Round "1"]
[White "Melipichun Torres, Katerine"]
[Black "Strgacich, Aylen"]
[Result "0-1"]
[WhiteElo "1582"]
[BlackElo "1788"]
[PlyCount "76"]
[EventDate "2014.09.08"]
[EventType "swiss"]
[EventRounds "9"]
[EventCountry "URU"]
[SourceTitle "EXT 2016"]
[Source "ChessBase"]
[SourceDate "2015.10.08"]
[SourceVersion "1"]
[SourceVersionDate "2015.10.08"]
[SourceQuality "1"]

1. d4 Nf6 2. c4 g6 3. Nc3 d5 4. Bf4 Bg7 5. Nf3 c6 6. e3 0-0 7. Bd3 Nbd7 8. Rc1 a6 9. h3 dxc4 10. Bxc4 c5 11. Bh2 b5 12. Be2 cxd4 13. Nxd4 Bb7 14. Bf3 Qb6 15. 0-0 Rfd8 16. Bxb7 Qxb7 17. Nce2 Rac8 18. Qb3 Nc5 19. Qd1 Nfe4 20. b4 Na4 21. Rxc8 Qxc8 22. f3 Nec3 23. Qb3 Nxe2+ 24. Nxe2 Rd2 25. Rc1 Qd8 26. Kf2 Rb2 27. Rd1 Qc8 28. Qd3 Nc3 29. Rd2 Rxd2 30. Qxd2 Nxe2 31. Kxe2 Qc4+ 32. Kf2 Bc3 33. Qd8+ Kg7 34. Qxe7 Qxa2+ 35. Kg3 Be1+ 36. Kf4 Qc4+ 37. e4 Qc1+ 38. Kg4 h5# 0-1